Реализация идентификатора объектов управления на программируемом логическом контроллере фирмы "ОВЕН"; Молодежь и современные информационные технологии

מידע ביבליוגרפי
Parent link:Молодежь и современные информационные технологии.— 2013.— [С. 231-233]
מחבר ראשי: Ильин И. О. Илья Олегович
מחברים אחרים: Кудрявцев А. В. Андрей Владимирович
סיכום:Заглавие с титульного экрана
שפה:רוסית
יצא לאור: 2013
סדרה:Автоматизация и управление в технических системах
נושאים:
גישה מקוונת:http://earchive.tpu.ru/handle/11683/70443
http://www.lib.tpu.ru/fulltext/c/2013/C04/104.pdf
פורמט: MixedMaterials אלקטרוני Book Chapter
KOHA link:https://koha.lib.tpu.ru/cgi-bin/koha/opac-detail.pl?biblionumber=603770

MARC

LEADER 00000naa2a2200000 4500
001 603770
005 20260204134738.0
035 |a (RuTPU)RU\TPU\conf\969 
035 |a RU\TPU\conf\968 
090 |a 603770 
100 |a 20140205d2013 k y0rusy50 ca 
101 0 |a rus 
102 |a RU 
135 |a drnn ---uucaa 
181 0 |a i  
182 0 |a b 
200 1 |a Реализация идентификатора объектов управления на программируемом логическом контроллере фирмы "ОВЕН"  |f И. О. Ильин, А. В. Кудрявцев 
203 |a Текст  |c электронный 
225 1 |a Автоматизация и управление в технических системах 
300 |a Заглавие с титульного экрана 
320 |a [Библиогр.: с. 233 (3 назв.)] 
337 |a Adobe Reader 
463 1 |0 (RuTPU)RU\TPU\conf\515  |t Молодежь и современные информационные технологии  |o сборник трудов XI Международной научно-практической конференции студентов, аспирантов и молодых ученых, г. Томск, 13-16 ноября 2013 г.  |f Национальный исследовательский Томский политехнический университет (ТПУ) ; под ред. Е. А. Сикоры и др.  |v [С. 231-233]  |d 2013 
610 1 |a труды учёных ТПУ 
610 1 |a электронный ресурс 
610 1 |a идентификаторы объектов 
610 1 |a объекты управления 
610 1 |a программируемые контроллеры 
610 1 |a логические контроллеры 
610 1 |a ОВЕН 
700 1 |a Ильин  |b И. О.  |c специалист в области информатики и вычислительной техники  |c инженер-проектировщик Томского политехнического университета  |f 1988-  |g Илья Олегович  |3 (RuTPU)RU\TPU\pers\31766 
701 1 |a Кудрявцев  |b А. В.  |c специалист в области информатики и вычислительной техники  |c инженер-проектировщик Томского политехнического университета  |f 1987-  |g Андрей Владимирович  |3 (RuTPU)RU\TPU\pers\31767 
801 2 |a RU  |b 63413507  |c 20220328  |g RCR 
856 4 |u http://earchive.tpu.ru/handle/11683/70443 
856 4 |u http://www.lib.tpu.ru/fulltext/c/2013/C04/104.pdf 
942 |c CF